Azufre y nitrógeno en trigo candeal: su relación con el rendimiento y la calidad /

Guardado en:
Autor Principal: Rossi, Julia Elena.
Autor Corporativo: Universidad Nacional del Sur. Departamento de Agronomía.
Otros Autores: Miravalles, Marta, (tutor.)
Formato: Libro
Idioma:Spanish
Publicado: Bahía Blanca, 2008.
Etiquetas: Agregar Etiqueta
Sin Etiquetas, Sea el primero en etiquetar este registro!
LEADER 00718nam a22001695a 4500
001 EEA.libagro008103
005 20161018121544.0
008 130809s2008####ag#a##########000#0#spa#d
082 0 4 |a 633.11894 
100 1 |a Rossi, Julia Elena. 
245 1 0 |a Azufre y nitrógeno en trigo candeal: su relación con el rendimiento y la calidad /  |c Julia Elena Rossi. 
260 |a Bahía Blanca,  |c 2008. 
300 |a 29 p. :  |b il. ;  |c 30 cm. 
502 |a Trabajo de intensificación (Ingeniero Agrónomo) -- Universidad Nacional del Sur. Departamento de Agronomía, 2008. 
700 1 |a Miravalles, Marta,  |e tutor. 
710 2 |a Universidad Nacional del Sur.  |b Departamento de Agronomía. 
859 |a AR-BbBCA  |b BIB. AGRONOMIA  |h 633.11894  |i R832  |p 2009/5492